A First Course in Stochastic Processes : Solutions to Problems

Αποθηκεύτηκε σε:
Λεπτομέρειες βιβλιογραφικής εγγραφής
Κύριος συγγραφέας: Karlin, Samuel 1923-
Άλλοι συγγραφείς: Taylor, Howard M.
Μορφή: Βιβλίο
Γλώσσα:English
Δημοσίευση: San Diego : Academic Press,
Έκδοση:2nd ed.
Θέματα:
Ετικέτες: Προσθήκη ετικέτας
Δεν υπάρχουν, Καταχωρήστε ετικέτα πρώτοι!

MARC

LEADER 00000nam a2200000 i 4500
001 1/38076
008 950116s eng d
020 |a 0-12-398553-6 
035 |a 1995  |c ΠΑΠΑΔΟΠΟΥΛΟΣ  |l 10040680 
040 |a GR-MY-UA  |b gre  |e aacr 
041 0 |a eng 
082 0 |a 519.2 
100 1 |a Karlin, Samuel  |d 1923- 
245 1 2 |a A First Course in Stochastic Processes :  |b Solutions to Problems /  |c Samuel Karlin, Howard M. Taylor 
250 |a 2nd ed. 
260 |a San Diego :   |b Academic Press,  
300 |a 91 p.;  |c 23 cm. 
650 0 0 |a Stochastic processes. 
700 1 |a Taylor, Howard M. 
852 |a INST  |b SAMOS  |e 19950116  |h 519.2 KAR  |p 005300006302  |q 005300006302  |t BK  |y 0 
909 |a Σ  |b 037948